[Event "EU-ch U14"]
[Site "Murek"]
[Date "1998.??.??"]
[Round "3"]
[White "Efimenko, Zahar"]
[Black "Raev, Rastislav"]
[Result "1-0"]
[WhiteElo "2330"]
[BlackElo "2020"]

1.e4 c5 2.Nf3 Nc6 3.d4 cxd4 4.Nxd4 Qb6 5.Nb3 Nf6 6.Nc3 d6 7.Be2 Bd7 8.O-O g6
9.Nd5 Nxd5 10.exd5 Ne5 11.Be3 Qc7 12.f4 Nc4 13.Bd4 f6 14.Bd3 Bh6 15.Qe2 Nb6
16.Bxf6 O-O-O 17.Bxh8 Rxh8 18.c4 Re8 19.Rae1 Bg7 20.f5 gxf5 21.Bxf5 Bxf5
22.Rxf5 Kb8 23.Qh5 Qd8 24.Qxh7 Bxb2 25.Re4 Be5 26.Qf7 Na4 27.c5 Nc3 28.Rexe5 dxe5
29.Rxe5 Rf8 30.Qxe7 Qxe7 31.Rxe7 Nxd5 32.Re5 Nc3 33.g4 Nxa2 34.Kg2 Nb4 35.h4 Nd3
36.Re3 Nb4 37.g5 Nd5 38.Re5 Nf4+ 39.Kg3 Kc7 40.Re4 Nd3 41.h5 Rf5 42.g6 Rxh5
43.g7  1-0

[Event "EU-ch U18"]
[Site "Murek"]
[Date "1998.??.??"]
[Round "5"]
[White "Ardeleanu, George Catalin"]
[Black "Pilaj, Herwig"]
[Result "1/2-1/2"]
[WhiteElo "2310"]
[BlackElo "2215"]

1.e4 c5 2.Nf3 Nc6 3.d4 cxd4 4.Nxd4 Qc7 5.Nb5 Qb8 6.c4 Nf6 7.N1c3 a6 8.Nd4 Nxe4
9.Nxc6 Nxc3 10.Nxb8 Nxd1 11.Nxa6 bxa6 12.Kxd1 g6 13.Bd3 Bb7 14.f3 Bg7 15.Bg5 h6
16.Bh4 d5 17.Rc1 g5 18.Bg3 O-O 19.cxd5 Bxd5 20.b3 a5 21.Bb5 Rfd8 22.Ke2 a4
23.Bxa4 Bb7 24.Rhd1 Ba6+ 25.Ke1 Rxd1+ 26.Kxd1 Rd8+ 27.Ke1 Rd3 28.Bc7 Re3+
29.Kf2 Re2+ 30.Kg3 Rxa2 31.Bc6 Rb2 32.Bd5 e6 33.Bc4 Bb7 34.Re1 Bc3  1/2-1/2

[Event "EU-ch U18"]
[Site "Murek"]
[Date "1998.??.??"]
[Round "7"]
[White "Blehm, Pawel"]
[Black "Halkias, Stelios"]
[Result "0-1"]
[WhiteElo "2420"]
[BlackElo "2435"]

1.e4 c5 2.Nf3 Nc6 3.d4 cxd4 4.Nxd4 Qc7 5.Nc3 e6 6.Be2 a6 7.Be3 Nf6 8.a3 d5
9.exd5 exd5 10.Bf3 Be6 11.O-O Bd6 12.g3 O-O 13.Bg2 h6 14.Nce2 Rfe8 15.Nxe6 fxe6
16.Nf4 Ne5 17.Bh3 Qf7 18.b3 Bc7 19.Bg2 Rad8 20.Qe2 Ned7 21.Rad1 d4 22.Bc1 e5
23.Nh3 Nc5 24.Qc4 Qxc4 25.bxc4 Ba5 26.f3 Na4 27.Bd2 Bxd2 28.Rxd2 Nb2 29.Nf2 Nxc4
30.Rd3 b5 31.Bh3 Rd6 32.Rb1 Rb8 33.Re1 Kf7 34.c3 Rbd8 35.f4 exf4 36.gxf4 Nxa3
37.cxd4 Nc2 38.Rc1 Nxd4 39.Rc7+ Kf8 40.Kf1 Ne8 41.Ra7 b4 42.Ne4 Nb5 43.Rxd6 Nexd6  0-1

[Event "EU-ch U18"]
[Site "Murek"]
[Date "1998.??.??"]
[Round "7"]
[White "Ardeleanu, George Catalin"]
[Black "Kapnisis, Spyridon"]
[Result "0-1"]
[WhiteElo "2310"]
[BlackElo "2290"]

1.e4 c5 2.Nf3 Nc6 3.d4 cxd4 4.Nxd4 Qc7 5.Nc3 e6 6.Be2 a6 7.O-O Nf6 8.Kh1 Bc5
9.Nb3 Be7 10.f4 d6 11.a4 b6 12.Be3 Bb7 13.Bf3 O-O 14.Rf2 Rab8 15.Rd2 Na5
16.Nxa5 bxa5 17.g4 Ba8 18.g5 Nd7 19.Rb1 Rb4 20.Rd3 Nc5 21.Bxc5 Qxc5 22.Qd2 f5
23.exf5 Bxf3+ 24.Rxf3 Qc6 25.Qg2 Rxf5 26.Rbf1 Rxb2 27.g6 Bf6 28.Qe2 d5 29.Re1 hxg6
30.Qxe6+ Qxe6 31.Rxe6 Rxc2 32.Nd1 Rc1 33.Rf1 g5 34.Rxa6 Rxf4  0-1

[Event "EU-ch U16"]
[Site "Murek"]
[Date "1998.??.??"]
[Round "8"]
[White "Vyparina, Matej"]
[Black "Szilagyi, Zsolt"]
[Result "1-0"]
[WhiteElo "2120"]
[BlackElo "2170"]

1.e4 c5 2.Nf3 Nc6 3.d4 cxd4 4.Nxd4 Qc7 5.Nc3 e6 6.Be3 a6 7.Be2 b5 8.O-O Bb7
9.f4 d6 10.Bf3 Be7 11.Qe2 Nxd4 12.Bxd4 e5 13.Be3 Nf6 14.Rad1 O-O 15.f5 b4
16.Nd5 Nxd5 17.exd5 f6 18.Be4 Rfc8 19.Qg4 Bf8 20.Rf3 Qd7 21.Rh3 g5 22.Bxg5 fxg5
23.Qxg5+ Kh8 24.f6 Rc7 25.Bf5 Qe8 26.Be6 Bg7 27.Rdd3 Bxf6 28.Qxf6+ Rg7 29.Rxh7+  1-0

[Event "EU-ch U18"]
[Site "Murek"]
[Date "1998.??.??"]
[Round "9"]
[White "De Vreugt, Dennis"]
[Black "Halkias, Stelios"]
[Result "1-0"]
[WhiteElo "2350"]
[BlackElo "2435"]

1.e4 c5 2.Nf3 Nc6 3.d4 cxd4 4.Nxd4 Qc7 5.Nc3 e6 6.f4 a6 7.Nxc6 Qxc6 8.Bd3 b5
9.Qe2 Bb7 10.Bd2 Be7 11.a3 h5 12.O-O-O Nf6 13.Kb1 Rc8 14.Rhe1 Qb6 15.e5 Nd5
16.Nxd5 Bxd5 17.f5 Qd4 18.h3 Bh4 19.fxe6 Bxe6 20.Qe4 Qd5 21.Qxd5 Bxd5 22.Re2 Be7
23.Bb4 Be6 24.b3 h4 25.Be4 Bxb4 26.axb4 Ke7 27.Kb2 Rh5 28.Bf3 Rf5 29.Ra1 g5
30.Rxa6 Rf4 31.Re4 Rxe4 32.Bxe4 Rg8 33.Ra8 Rg7 34.Rh8 d6 35.exd6+ Kxd6 36.Kc3 Ke5
37.Kd3 Kf4 38.Rh6 f5 39.Bc6 Bd7 40.Bd5 Kg3 41.c4 g4 42.hxg4 fxg4 43.c5 h3
44.gxh3 gxh3 45.c6 Bf5+ 46.Kd4 Rg5 47.Rh8 Bg4 48.c7 h2 49.Ba8 Rf5 50.c8=Q Rf4+
51.Kc5 Bxc8 52.Rxc8  1-0

[Event "RUS-ch sf"]
[Site "Novosibirsk"]
[Date "1998.??.??"]
[Round "?"]
[White "Isupov, Vladimir"]
[Black "Landa, Konstantin"]
[Result "0-1"]
[WhiteElo "2365"]
[BlackElo "2505"]

1.e4 c5 2.Nf3 Nc6 3.d4 cxd4 4.Nxd4 Qc7 5.Nc3 e6 6.Be2 a6 7.O-O b5 8.Nxc6 dxc6
9.a4 Rb8 10.f4 b4 11.Nb1 Nf6 12.Nd2 Be7 13.e5 Nd5 14.Nc4 Bb7 15.a5 Rd8 16.Bd3 g6
17.Qe2 c5 18.Bd2 Qc6 19.Be4 O-O 20.Rae1 Qb5 21.b3 Nc7 22.Bxb7 Qxb7 23.Bc1 Nb5
24.Bb2 Nd4 25.Bxd4 Rxd4 26.Qf3 Qd7 27.Rd1 Rd8 28.Nb6 Qb5 29.Rxd4 Rxd4 30.Nc4 Kg7
31.Rd1 Qd7 32.Rxd4 Qxd4+ 33.Kf1 Qa1+ 34.Ke2 Qc1 35.Kd3 Qg1 36.h3 Qe1 37.Qe2 Qg1
38.Ke4 Bh4 39.Kf3 h5 40.Ke4 Bf2 41.Kf3 Bd4 42.Nd6 Kf8 43.Ne4 Ke7 44.Ng5 Qc1
45.Ke4 Qa1 46.Nf3 Qxa5 47.Nxd4 cxd4 48.Qc4 Qb6 49.g3 a5 50.Qc8 d3 51.Kxd3 Qf2
52.Qc7+ Kf8 53.Qd8+ Kg7 54.Qxa5 Qxg3+ 55.Kc4 Qxf4+ 56.Kb5 g5 57.c4 bxc3 58.Qxc3 g4
59.hxg4 hxg4 60.b4 g3 61.Kc6 g2 62.Qe1 Qg4 63.Qe3 Qc4+ 64.Kd7 Qf1  0-1

[Event "HUN-ch U20"]
[Site "Paks"]
[Date "1998.??.??"]
[Round "2"]
[White "Turzo, Attila"]
[Black "Tamas, Norbert"]
[Result "1-0"]
[WhiteElo "2415"]
[BlackElo "2245"]

1.e4 c5 2.Nf3 Nc6 3.d4 cxd4 4.Nxd4 Qc7 5.Nb5 Qb8 6.c4 Nf6 7.N5c3 e6 8.Be2 Bd6
9.h3 a6 10.O-O Bc5 11.Kh1 O-O 12.f4 b6 13.a3 Nd4 14.Bd3 g6 15.b4 Be7 16.Be3 Nc6
17.Be2 Qc7 18.Nd2 Rd8 19.Bf3 Rb8 20.Rc1 Bf8 21.Qe2 Ne8 22.Nb3 a5 23.Nb5 Qb7
24.bxa5 Nxa5 25.Nxa5 bxa5 26.Ba7 Qa8 27.Bxb8 Qxb8 28.e5 d6 29.Rfd1 Ba6 30.a4 Bh6
31.Rb1 Bxf4 32.exd6 Qc8 33.Qe1 Bxb5 34.cxb5 Nxd6 35.Qxa5 Rf8 36.Qb4  1-0

[Event "Pardubice Czech op"]
[Site "Pardubice"]
[Date "1998.??.??"]
[Round "1"]
[White "Pridorozhni, Aleksei"]
[Black "Oral, Tomas"]
[Result "0-1"]
[WhiteElo "2275"]
[BlackElo "2455"]

1.e4 c5 2.Nf3 Nc6 3.d4 cxd4 4.Nxd4 Qc7 5.Nc3 e6 6.Be3 a6 7.Be2 Nf6 8.f4 d6
9.Bf3 Be7 10.O-O O-O 11.a4 Na5 12.Kh1 Nc4 13.Bc1 Re8 14.g4 e5 15.Nf5 Bf8
16.g5 Nd7 17.Nd5 Qd8 18.b3 Ncb6 19.Nxb6 Qxb6 20.Ne3 exf4 21.Nd5 Qd8 22.Bxf4 Ne5
23.Bg2 Be6 24.Qd4 Rc8 25.c4 Ng6 26.Bd2 Nh4 27.Rf2 Nxg2 28.Rxg2 Bxd5 29.exd5 Re5
30.Rf1 Qe8 31.Rgf2 Rc7 32.Qb6 Rd7 33.Bf4 Re4 34.Bg3 Rg4 35.Rf3 Rxg5 36.Re1 Re7
37.Rfe3 Rxe3 38.Rxe3 Qd7 39.Qa7 Qh3 40.Kg1 Rf5 41.Re1 h5 42.Qd4 g5 43.c5 dxc5
44.Qe4 Bg7 45.Qe8+ Kh7 46.Qe4 Bd4+ 47.Kh1 h4  0-1

[Event "Pardubice Czech op"]
[Site "Pardubice"]
[Date "1998.??.??"]
[Round "2"]
[White "Volke, Karsten"]
[Black "Mashinskaya, Iulia"]
[Result "1/2-1/2"]
[WhiteElo "2460"]
[BlackElo "2370"]

1.e4 c5 2.Nf3 Nc6 3.d4 cxd4 4.Nxd4 Qc7 5.Nc3 e6 6.g3 a6 7.Bg2 Nf6 8.O-O Bc5
9.Nb3 Ba7 10.Bg5 d6 11.Qe2 Ne5 12.Rae1 Bd7 13.Kh1 h6 14.Be3 Bxe3 15.Qxe3 O-O
16.Nd2 Bc6 17.f4 Ned7 18.Bf3 b5 19.Ne2 e5 20.fxe5 dxe5 21.g4 Qb6 22.Ng3 Qxe3
23.Rxe3 Nb6 24.Nf5 Bd7 25.Ne7+ Kh8 26.h3 Be6 27.Nd5 Nfxd5 28.exd5 Bxd5 29.Rxe5 Bxf3+
30.Rxf3 Rac8 31.c3 Nc4 32.Nxc4 Rxc4 33.a3 Rc7 34.Rd3 Rb8 35.Kg2 Kg8 36.Kf3 Kf8
37.Ke4 Re7 38.Rd6 Ra8 39.Rxe7 Kxe7 40.Ke5 Ra7 41.h4 f6+ 42.Kd5 g6 43.g5 hxg5
44.hxg5 fxg5 45.Rxg6 Kf7 46.Rxg5 Rd7+ 47.Kc5 Rd2 48.b3 Rb2 49.Kb4 a5+ 50.Kxb5 Rxb3+
51.Kxa5 Rxc3 52.Kb4 Rc8 53.Rc5 Rb8+ 54.Rb5 Rh8 55.Re5 Re8  1/2-1/2

[Event "Paris"]
[Site "Paris"]
[Date "1998.??.??"]
[Round "1"]
[White "Le Quang, Kim"]
[Black "Lukov, Valentin"]
[Result "1/2-1/2"]
[WhiteElo "2265"]
[BlackElo "2470"]

1.e4 c5 2.Nf3 Nc6 3.d4 cxd4 4.Nxd4 Qc7 5.Nb5 Qb8 6.c4 Nf6 7.N5c3 e6 8.f4 d6
9.Be2 Be7 10.O-O O-O 11.Be3 b6 12.Bf3 Bb7 13.Nd2 Nd7  1/2-1/2

[Event "Paris op"]
[Site "Paris"]
[Date "1998.??.??"]
[Round "6"]
[White "Lebrun, Xavier"]
[Black "Lukov, Valentin"]
[Result "0-1"]
[WhiteElo "2230"]
[BlackElo "2460"]

1.e4 c5 2.Nf3 Nc6 3.d4 cxd4 4.Nxd4 Qc7 5.Nc3 e6 6.Be2 a6 7.O-O Nf6 8.Be3 d6
9.f4 Be7 10.Bf3 O-O 11.Qe2 Nxd4 12.Bxd4 e5 13.fxe5 dxe5 14.Be3 Be6 15.Qf2 Rac8
16.Kh1 Bc5 17.Nd1 Rfd8 18.Bxc5 Qxc5 19.Ne3 Rd4  0-1

[Event "HUN-ch op"]
[Site "Pecs"]
[Date "1998.??.??"]
[Round "8"]
[White "Lakos, Nikoletta"]
[Black "Csom, Istvan"]
[Result "1-0"]
[WhiteElo "2385"]
[BlackElo "2460"]

1.e4 c5 2.Nf3 Nc6 3.d4 cxd4 4.Nxd4 Qb6 5.Nb3 e6 6.Nc3 Nf6 7.Bd3 Be7 8.f4 d6
9.Qf3 a6 10.g4 Qc7 11.g5 Nd7 12.Be3 b5 13.O-O-O Bb7 14.Kb1 Na5 15.Qh3 Nxb3
16.cxb3 Nc5 17.Bxc5 dxc5 18.g6 fxg6 19.Qxe6 Qc6 20.Qe5 Kf8 21.Nd5 Bf6 22.Nxf6 gxf6
23.Qc3 Rd8 24.Rhe1 Rd4 25.e5 f5 26.b4 Ke7 27.bxc5 Rhd8 28.Bc2 Rxd1+ 29.Bxd1 Qd5
30.Bc2 Qf3 31.Qa5 Qf2 32.Rc1 Be4 33.Bxe4 fxe4 34.c6 Rd2 35.Qb4+ Ke6 36.c7  1-0

[Event "Pula op"]
[Site "Pula"]
[Date "1998.??.??"]
[Round "3"]
[White "Vadla, Zeljko"]
[Black "Sax, Gyula"]
[Result "1-0"]
[WhiteElo "2225"]
[BlackElo "2535"]

1.e4 c5 2.Nf3 Nc6 3.d4 cxd4 4.Nxd4 Qb6 5.Nb3 Nf6 6.Nc3 e6 7.Qe2 d6 8.Be3 Qc7
9.O-O-O a6 10.f4 b5 11.Bf2 Bb7 12.g4 Na5 13.g5 Nd7 14.Bg2 Nc4 15.h4 Ndb6
16.Rh3 O-O-O 17.Bd4 Kb8 18.Qf2 Rc8 19.Na5 b4 20.Nxc4 Nxc4 21.Na4 Bc6 22.Nb6 Nxb6
23.Bxb6 Qb7 24.Qd4 Ka8 25.Rb3 Ba4 26.Rdd3 Bxb3 27.Rxb3 Qc6 28.c3 Qc4 29.Qf2 Be7
30.Bf1 Qc6 31.Rxb4 d5 32.exd5 Qxd5 33.Bg2 Bxb4 34.Bxd5+ exd5 35.Qd4 Rc6 36.Qxd5 Rc8
37.Bd4 Bd6 38.f5 Rc7 39.Bxg7 Kb8 40.Bd4 Kc8 41.Kc2 Bf4 42.Qe4  1-0

[Event "SWE-ch"]
[Site "Ronneby"]
[Date "1998.??.??"]
[Round "3"]
[White "Hall, Jesper"]
[Black "Degerman, Lars"]
[Result "1/2-1/2"]
[WhiteElo "2460"]
[BlackElo "2490"]

1.e4 c5 2.Nf3 Nc6 3.d4 cxd4 4.Nxd4 Qc7 5.c4 Nf6 6.Nc3 Nxe4 7.Ndb5 Qa5 8.Qe2 Nxc3
9.Nd6+ Kd8 10.Nxf7+ Ke8 11.Nd6+ Kd8 12.Nf7+  1/2-1/2

[Event "Santiago Esucomex op"]
[Site "Santiago"]
[Date "1998.??.??"]
[Round "5"]
[White "Rosa, Fernando"]
[Black "Queirolo, Manuel"]
[Result "0-1"]
[WhiteElo "2155"]
[BlackElo "2075"]

1.e4 c5 2.Nf3 Nc6 3.d4 cxd4 4.Nxd4 Qb6 5.Nb3 g6 6.Be3 Qb4+ 7.N1d2 Bg7 8.c3 Qa4
9.Be2 d6 10.O-O Nf6 11.Nd4 Qxd1 12.Rfxd1 Ng4 13.Bxg4 Bxg4 14.f3 Bd7 15.Nxc6 bxc6
16.Bd4 O-O 17.Bxg7 Kxg7 18.Nc4 Rfb8 19.b4 Be6 20.Na5 Rb6 21.a3 g5 22.Kf2 Kf6
23.Ke3 Ke5 24.g3 f5 25.f4+ gxf4+ 26.gxf4+ Kf6 27.Rg1 fxe4 28.Kxe4 h6 29.Raf1 Rc8
30.f5 Bf7 31.c4 c5 32.b5 a6 33.a4 axb5 34.axb5 d5+ 35.cxd5 Rxb5 36.Nc6 Rb2
37.h4 Ra8 38.Kd3 Rh2 39.Kc4 Rd2 40.h5 Bxd5+ 41.Kc3 Rh2 42.Rg6+ Kf7 43.Ne5+ Ke8
44.Nc4 Rh3+ 45.Ne3 Rxe3+ 46.Kd2 Rh3  0-1

[Event "Santiago Esucomex op"]
[Site "Santiago"]
[Date "1998.??.??"]
[Round "6"]
[White "Rojas, Luis"]
[Black "Vasquez, Rodrigo"]
[Result "1-0"]
[WhiteElo "2455"]
[BlackElo "2485"]

1.e4 c5 2.Nf3 Nc6 3.d4 cxd4 4.Nxd4 Qb6 5.Nb3 Nf6 6.Nc3 e6 7.Qe2 Qc7 8.Bd2 a6
9.f4 d6 10.O-O-O b5 11.g4 Nd7 12.h4 Nb6 13.Rh3 Nc4 14.Be1 Bb7 15.h5 h6 16.Kb1 Be7
17.a3 Bf6 18.Qg2 O-O-O 19.g5 hxg5 20.fxg5 Be5 21.h6 Ne7 22.Qg4 Kb8 23.h7 Ng6
24.Bxc4 bxc4 25.Nd2 Nf8 26.Nf3 Bxc3 27.Bxc3 e5 28.Qg3 Ka8 29.Qe1 Qc8 30.Rh2 Rxh7
31.Rhd2 Ne6 32.Rxd6 Rxd6 33.Rxd6 f6 34.gxf6 gxf6 35.Ka2 Nc5 36.Nd2 Qf8 37.Nxc4 Qg8
38.b3 Nxe4 39.Rd3 Rh2 40.Ba5 Rxc2+ 41.Kb1 Rxc4 42.bxc4 Qxc4 43.Rd8+ Ka7 44.Qe3+ Nc5
45.Rd6 Be4+ 46.Ka1 Kb7 47.Rb6+ Kc8 48.Qh3+ Nd7 49.Qh8+ Kc7 50.Rb4+  1-0

[Event "ROM-chT"]
[Site "Sovata"]
[Date "1998.??.??"]
[Round "5"]
[White "Moldovan, Daniel"]
[Black "Cosma, Ioan"]
[Result "1/2-1/2"]
[WhiteElo "2420"]
[BlackElo "2480"]

1.e4 c5 2.Nf3 Nc6 3.d4 cxd4 4.Nxd4 Qc7 5.Nc3 e6 6.Be2 a6 7.f4 d6 8.Be3 Nf6
9.Qd2 Be7 10.O-O-O Bd7 11.g4 Nxd4 12.Bxd4 e5 13.Be3 Bc6 14.Bf3 h6 15.h4 exf4
16.Bxf4 O-O-O 17.g5 hxg5 18.hxg5 Rxh1 19.Rxh1 Nd7 20.Bg4 Kb8 21.Bxd7 Qxd7
22.Nd5 Bxd5 23.Qxd5 Qe6 24.Qxe6 fxe6 25.Rh7 e5 26.Be3 Rg8 27.Kd2 Kc7 28.Ke2 Kd7
29.Kf3 Ke6 30.Kg4 b5  1/2-1/2

[Event "Szeged TT04 IM"]
[Site "Szeged"]
[Date "1998.??.??"]
[Round "8"]
[White "Bernat, Robert"]
[Black "Papp Z, Csaba"]
[Result "1-0"]
[WhiteElo "2140"]
[BlackElo "2350"]

1.e4 c5 2.Nf3 Nc6 3.d4 cxd4 4.Nxd4 Qb6 5.Nb3 Nf6 6.Nc3 e6 7.Be3 Qc7 8.Be2 Bb4
9.f3 d5 10.O-O Bxc3 11.bxc3 dxe4 12.fxe4 Nxe4 13.Bd3 Nxc3 14.Qh5 Nd5 15.Bc5 b6
16.Ba3 Bb7 17.Rae1 Qd7 18.Rxf7 Qxf7 19.Qxd5 e5 20.Rxe5+ Nxe5 21.Bb5+ Nd7
22.Qxb7 Qe6 23.Qxa8+ Kf7 24.Qxh8 Qe1+ 25.Bf1 Qe3+ 26.Kh1 Qf2 27.Bc4+  1-0

[Event "EST-chT"]
[Site "Tallinn"]
[Date "1998.??.??"]
[Round "7"]
[White "Zjukin, Sergei"]
[Black "Rytshagov, Mikhail"]
[Result "1/2-1/2"]
[WhiteElo "2425"]
[BlackElo "2550"]

1.e4 c5 2.Nf3 Nc6 3.d4 cxd4 4.Nxd4 Qc7 5.Nb5 Qb8 6.c4 Nf6 7.N5c3 b6 8.Be2 Bb7
9.O-O e6 10.Be3 Bc5 11.Qd2 O-O 12.Kh1 Rd8 13.Bf4 Ne5 14.f3 d5 15.exd5 exd5
16.cxd5 Bxd5 17.Qc2 Bb7 18.Nd2 Nh5 19.Bg5 f6 20.Bh4 Nf4 21.Nde4 Be7 22.Bg3 Nxe2
23.Qxe2 Qc8 24.Bxe5 Ba6 25.Nb5 Rd5 26.Rfc1 Qe6 27.Nc7 Bxe2 28.Nxe6 Rxe5 29.Nd4 Bd3
30.Nc6 Re6 31.Nd4 Re5  1/2-1/2

[Event "Tatry op"]
[Site "Tatranska Lomnica"]
[Date "1998.??.??"]
[Round "2"]
[White "Odler, Daniel"]
[Black "Kozakov, Mikhail"]
[Result "0-1"]
[WhiteElo "2180"]
[BlackElo "2400"]

1.e4 c5 2.Nf3 Nc6 3.d4 cxd4 4.Nxd4 Qc7 5.Be3 e6 6.Nb5 Qb8 7.c4 Nf6 8.Bd3 a6
9.N5c3 Ne5 10.h3 Qc7 11.b3 Bc5 12.Qe2 d6 13.O-O O-O 14.Na4 Bxe3 15.Qxe3 Nxd3
16.Qxd3 b5 17.Nb2 Bb7 18.Nd2 bxc4 19.bxc4 d5 20.cxd5 exd5 21.exd5 Bxd5 22.Nbc4 Rfd8
23.Qg3 Qxg3 24.fxg3 Be6 25.Rf2 Rd3 26.Rf3 Rad8 27.Rxd3 Rxd3 28.Rb1 h6 29.Rb3 Rd4
30.Rc3 Bxc4 31.Nxc4 Ne4 32.Rc2 Nxg3 33.Kf2 Nf5 34.Ne5 Rf4+ 35.Kg1 f6 36.Nd3 Ra4
37.Kf2 h5 38.Nc5 Ra3 39.Nb3 h4 40.Ke2 a5 41.Kd2 a4 42.Nc5 Ne3  0-1

[Event "Trinec op9798"]
[Site "Trinec"]
[Date "1998.??.??"]
[Round "?"]
[White "Babula, Milan"]
[Black "Oral, Tomas"]
[Result "1/2-1/2"]
[WhiteElo "2285"]
[BlackElo "2435"]

1.e4 c5 2.Nf3 Nc6 3.d4 cxd4 4.Nxd4 Qc7 5.Nc3 e6 6.Be3 a6 7.Bd3 Nf6 8.O-O Ne5
9.h3 Bc5 10.f4 Nc6 11.Be2 Qb6 12.Na4 Bxd4 13.Nxb6 Bxe3+ 14.Kh2 Bxb6 15.Bf3 O-O
16.e5 Ne8 17.Qd3 Nd4 18.Bd1 Nc6 19.c3 Bc7 20.Bf3 d6 21.exd6 Nxd6 22.Rad1 Bd7
23.g3 Rae8 24.Qc2 e5 25.Bd5 exf4 26.Rxf4 g6 27.Rf3 Bf5 28.Qf2 Ne5 29.Qc5 Bb8
30.Re3 Nd7 31.Qd4 Rxe3 32.Qxe3 Nf6 33.Bf3 Nde4 34.Qb6 Nxg3 35.Kg2 Ngh5 36.Rd8 Nd7
37.Rxf8+ Kxf8 38.Qxb7 Be5 39.Qxa6 Nf4+ 40.Kh1 Nxh3 41.Qa8+ Kg7 42.a4 g5 43.a5 g4
44.Bc6 Nf2+ 45.Kg1 Nh3+ 46.Kf1 Nc5 47.Qe8 Bd3+ 48.Kg2 Ne6 49.Bb7 Nhf4+ 50.Kh1 g3
51.a6 g2+ 52.Bxg2 Bxa6 53.Qa8 Bd3 54.Be4 Be2 55.Qa5 Kf6 56.Qa8 Ng6 57.Bf3 Bd3
58.Be4 Be2 59.Bf3 Bd3 60.Be4  1/2-1/2

[Event "Val Thorens op"]
[Site "Val Thorens"]
[Date "1998.??.??"]
[Round "?"]
[White "Kranjec, Toni"]
[Black "Horvath, Jozsef"]
[Result "0-1"]
[WhiteElo "2120"]
[BlackElo "2515"]

1.e4 c5 2.Nf3 Nc6 3.d4 cxd4 4.Nxd4 Qc7 5.Be3 e6 6.Qd2 a6 7.f3 Nf6 8.g4 h6
9.Nc3 Ne5 10.O-O-O b5 11.Bf4 b4 12.Na4 Bb7 13.h4 d5 14.exd5 Nxd5 15.Bxe5 Qxe5
16.Bc4 Qc7 17.Bb3 Bd6 18.Kb1 O-O-O 19.Qf2 Kb8 20.h5 Bf4 21.Ne2 Be3 22.Qg3 Qxg3
23.Nxg3 Nf6 24.Rxd8+ Rxd8 25.Rf1 Bxf3  0-1

[Event "EUCup final (Women)"]
[Site "Wuppertal"]
[Date "1998.??.??"]
[Round "1"]
[White "Gaponenko, Inna"]
[Black "Puljek Salai, Zorica"]
[Result "1/2-1/2"]
[WhiteElo "2365"]
[BlackElo "2195"]

1.e4 c5 2.Nf3 Nc6 3.d4 cxd4 4.Nxd4 Qb6 5.Nb3 Nf6 6.Nc3 e6 7.Bd3 a6 8.f4 d6
9.Qf3 Be7 10.Be3 Qc7 11.O-O O-O 12.g4 Nb4 13.a3 Nxd3 14.cxd3 b5 15.Rac1 Qb8
16.g5 Nd7 17.Nd4 Bb7 18.Qh3 Qd8 19.Rf3 Rc8 20.Qh5 Re8 21.Rh3 Nf8 22.f5 exf5
23.exf5 Rc5 24.Rf1 Qc8 25.Ne4 Bxe4 26.dxe4 Bd8 27.f6 Bxf6 28.Nf5 Rxf5 29.exf5 Bxb2
30.f6 Rxe3 31.fxg7 Qe6 32.gxf8=Q+ Kxf8 33.Qh6+ Qxh6 34.Rxh6 Rxa3 35.Rxd6 b4
36.Rd7 Ra1 37.Rxf7+ Kg8 38.Rb7 Rxf1+ 39.Kxf1 Bc3 40.Ra7 Be5 41.Rxa6 Bxh2
42.Ke2 Bf4 43.Ra5 h6 44.gxh6 Bxh6 45.Rb5 Bf8 46.Rb7 Bg7 47.Rxb4 Kf7 48.Rb7+ Kf6
49.Kf3 Bf8 50.Ke4 Bc5 51.Rc7 Bd6 52.Rc6 Ke6 53.Ra6 Kd7 54.Kd5 Bg3 55.Rg6 Bh2
56.Rg2 Bf4 57.Rg4 Bh2 58.Rg7+ Kc8 59.Kc6 Kb8 60.Kb6 Kc8 61.Kc6 Kb8 62.Rb7+ Ka8
63.Rb2 Bb8 64.Ra2+ Ba7 65.Re2 Bb8 66.Kb6 Ba7+ 67.Kc7 Bb8+ 68.Kc6 Ba7 69.Ra2 Kb8
70.Rb2+ Ka8 71.Kc7 Be3 72.Rb4 Ba7 73.Rb5 Be3 74.Rf5 Bg1 75.Rf8+ Ka7 76.Rf1 Bh2+
77.Kc6 Be5 78.Rd1 Ka8 79.Kb6 Bg3 80.Rd2 Bf4 81.Rd3 Bh2 82.Rd8+ Bb8 83.Rd7 Bg3
84.Rd3 Bf2+ 85.Kc7 Bg1 86.Rh3 Bf2 87.Ra3+ Ba7 88.Kc6 Kb8 89.Rb3+ Ka8  1/2-1/2

[Event "Trinec op"]
[Site "Trinec"]
[Date "1999.01.02"]
[Round "8"]
[White "Starostits, Ilmas"]
[Black "Vokac, Marek"]
[Result "0-1"]
[WhiteElo "2330"]
[BlackElo "2525"]

1.e4 c5 2.Nf3 Nc6 3.d4 cxd4 4.Nxd4 Qb6 5.Nb3 Nf6 6.Nc3 e6 7.a3 Be7 8.Be3 Qc7
9.f4 d6 10.g3 O-O 11.Bg2 a6 12.O-O b5 13.g4 Nd7 14.Qf3 Bb7 15.Qf2 Rac8 16.g5 Rfe8
17.Rae1 Bf8 18.Qh4 b4 19.axb4 Nxb4 20.Re2 g6 21.Rf3 Qd8 22.Rh3 h6 23.gxh6 Qxh4
24.Rxh4 Kh7 25.Rd2 Nf6 26.Nd4 Rc7 27.Nf3 Kg8 28.Bd4 Nh5 29.Bh3 Bxh6 30.Rg2 Kf8
31.Bg4 Ke7 32.Bxh5 gxh5 33.Be3 d5 34.Rxh5 dxe4 35.Ne5 Rh8 36.Na4 Nd5 37.Bc5+ Rxc5
38.Nxc5 Bxf4 39.Rxh8 Bxe5 40.Nxb7 Bxh8 41.c3 Nf4 42.Rg8 Be5 43.Na5 Nd3 44.Nc4 Bf4
45.h4 f5 46.h5 Kf7 47.Rg2 Ne1 48.Rg6 Nf3+ 49.Kf2 Nh2 50.Ne3 Nf3 51.Rg2 Ne5
52.Ke2 Bh6 53.Rg1 Nd3 54.Nc4 Nf4+ 55.Ke1 Kf6 56.Nd6 Bf8 57.Ne8+ Kf7 58.Nc7 a5
59.Rh1 Bh6 60.b4 axb4 61.cxb4 Nd3+ 62.Ke2 Nxb4 63.Rb1 Nc6 64.Rd1 Ke7 65.Nb5 Ne5
66.Ra1 f4 67.Nd4 f3+ 68.Kf2 Bf4 69.Ra3 Kf6 70.Rb3 Ng4+ 71.Kf1 e5 72.Rb6+ Kg5
73.h6 Be3 74.Rb2 Nxh6 75.Ne6+ Kf5 76.Ng7+ Kg6 77.Ne6 Ng4 78.Nc7 Bd4 79.Ra2 e3
80.Nd5 Kf5 81.Rc2 Ke4 82.Nc3+ Kd3  0-1

[Event "Rilton Cup 9899"]
[Site "Stockholm"]
[Date "1999.01.06"]
[Round "9"]
[White "Nataf, Igor Alexandre"]
[Black "Degerman, Lars"]
[Result "1-0"]
[WhiteElo "2485"]
[BlackElo "2500"]

1.e4 c5 2.Nf3 Nc6 3.d4 cxd4 4.Nxd4 Qc7 5.Nc3 e6 6.Be2 a6 7.O-O Nf6 8.Kh1 b5
9.Nxc6 dxc6 10.f4 b4 11.e5 bxc3 12.exf6 gxf6 13.bxc3 f5 14.Qd4 Rg8 15.Rb1 c5
16.Qf2 Bb7 17.Bf3 Bxf3 18.Qxf3 Ra7 19.Be3 Be7 20.c4 Kf8 21.Bd2 Bf6 22.Rb3 Kg7
23.Bc3 Bd4 24.Rd1 Rd8 25.Qg3+ Kf8 26.Bxd4 Rxd4 27.Rxd4 cxd4 28.Qg5 Ra8 29.h3 Rb8
30.Qh6+ Ke7 31.Qh4+ Kf8 32.Qxh7 Rxb3 33.Qh8+ Ke7 34.Qh4+ Kd7 35.axb3 Qa5
36.Qf2 Qc3 37.Qe2 f6 38.Kh2 Kd6 39.Qd3 Qa1 40.h4 Kc5 41.h5 Qc1 42.Qf3 Kb4
43.h6 e5 44.h7 e4 45.Qg3 e3 46.h8=Q Kc3 47.Qxf6 Qxc2 48.Qxe3+  1-0

[Event "Tapolca op"]
[Site "Budapest"]
[Date "1999.01.09"]
[Round "2"]
[White "Balogh, Csaba"]
[Black "Herman, Tamas"]
[Result "1-0"]
[WhiteElo "2155"]
[BlackElo "2175"]

1.e4 c5 2.Nf3 Nc6 3.d4 cxd4 4.Nxd4 Qc7 5.Nc3 e6 6.Be3 a6 7.Be2 Nf6 8.O-O Be7
9.Kh1 O-O 10.f4 d6 11.Qe1 Nxd4 12.Bxd4 b5 13.a3 Bb7 14.Qg3 Rac8 15.Rae1 Rfd8
16.Bd3 g6 17.f5 e5 18.Be3 Rd7 19.Re2 Qd8 20.Ref2 Nh5 21.Qg4 Bf8 22.f6 Rb8
23.Rf5 Nf4 24.Bxf4 exf4 25.R5xf4 Bc8 26.Nd5 a5 27.Qg3 b4 28.a4 b3 29.c3 Bb7
30.Rh4 Rc7 31.Nxc7 Qxc7 32.Qg5 Bc6 33.Rf3 Bd7 34.Rff4 Qd8 35.Bc4 Qe8 36.Rxh7 Kxh7
37.Rh4+ Kg8 38.Qxg6+  1-0

[Event "Tapolca op"]
[Site "Budapest"]
[Date "1999.01.10"]
[Round "3"]
[White "Schlusnik, Nandor"]
[Black "Boer, Levente"]
[Result "1-0"]
[WhiteElo "2255"]
[BlackElo "2090"]

1.e4 c5 2.Nf3 Nc6 3.d4 cxd4 4.Nxd4 Qc7 5.Nc3 e6 6.Be3 a6 7.Be2 Nf6 8.O-O Bb4
9.Na4 Be7 10.Nxc6 bxc6 11.Bd3 c5 12.c4 Bb7 13.Nc3 d6 14.f4 O-O 15.Qf3 Nd7
16.Qh3 Qc8 17.Rf3 g6 18.Qh6 f5 19.Nd5 Rf7 20.exf5 exd5 21.fxg6 Rg7 22.Rg3 Kh8
23.Bf5 d4 24.Bd2 Bf8 25.Rh3 Qe8 26.Re1 Be7 27.Qxh7+ Rxh7 28.Rxh7+ Kg8 29.Be6+  1-0

[Event "BL2-N9899"]
[Site "Germany"]
[Date "1999.01.10"]
[Round "4.1"]
[White "Joecks, Christian"]
[Black "Hegeler, Frank"]
[Result "1/2-1/2"]
[WhiteElo "2415"]
[BlackElo "2360"]

1.e4 c5 2.Nf3 Nc6 3.d4 cxd4 4.Nxd4 Qc7 5.Nc3 e6 6.Be3 a6 7.Bd3 Nf6 8.O-O b5
9.Qe2 Bb7 10.Kh1 h5 11.f4 h4 12.Nxc6 Qxc6 13.Bd4 h3 14.g3 b4 15.Bxf6 bxc3
16.Bxc3 d5 17.Rae1  1/2-1/2

[Event "Hamburg IM"]
[Site "Hamburg"]
[Date "1999.01.15"]
[Round "5"]
[White "Gross, David"]
[Black "Gustafsson, Jan"]
[Result "0-1"]
[WhiteElo "2435"]
[BlackElo "2410"]

1.e4 c5 2.Nf3 Nc6 3.d4 cxd4 4.Nxd4 Qc7 5.Nc3 e6 6.Nxc6 bxc6 7.Bd3 d5 8.O-O Nf6
9.Qe2 Be7 10.Bd2 O-O 11.Rae1 Re8 12.f4 g6 13.Kh1 Bb7 14.e5 Nd7 15.f5 exf5
16.e6 Nf6 17.exf7+ Kxf7 18.Qe6+ Kg7 19.Bg5 Bd8 20.Bxf6+ Bxf6 21.Qxe8 Rxe8
22.Rxe8 c5 23.Rfe1 Bc6 24.R8e6 c4 25.Bf1 d4 26.Nb1 Bd5 27.R6e2 Qf4 28.Nd2 d3
29.cxd3 cxd3 30.Re3 Bd4 31.Rxd3 Qf2 32.Rxd4 Qxd4 33.Nb3 Qxb2  0-1

[Event "Linares Anibal op"]
[Site "Linares"]
[Date "1999.01.15"]
[Round "8"]
[White "Herrera, Irisberto"]
[Black "Yegiazarian, Arsen"]
[Result "1/2-1/2"]
[WhiteElo "2425"]
[BlackElo "2500"]

1.e4 c5 2.Nf3 Nc6 3.d4 cxd4 4.Nxd4 Qb6 5.Nb3 Nf6 6.Nc3 e6 7.Bd3 Be7 8.O-O d6
9.Kh1 a6 10.f4 Qc7 11.Qf3 O-O 12.Bd2 b5 13.a3 Bb7 14.Rae1 b4 15.Ne2 bxa3
16.bxa3 a5 17.Qh3 e5 18.Bc3 a4 19.Nd2 Qc8 20.Qxc8 Rfxc8 21.Nc4 Nd7 22.Ne3 Nc5
23.Nd5 Bd8 24.Ng3 Nxd3 25.cxd3 g6 26.f5 Ba6 27.Rf3 Rab8 28.fxg6 hxg6 29.Ref1 Rb7
30.Ne2 Rcb8 31.Bb4 Nxb4 32.Nxb4 Bb5 33.Nc3 Be8 34.Ncd5 Rc8 35.h3 Kg7 36.Kh2 Bg5
37.R3f2 Rc1 38.g4 Rb8 39.Rxc1 Bxc1 40.Ra2 Rc8 41.Kg2 Rc5 42.Kf3 Bd7 43.Na6 Rb5
44.Nab4 Rb8 45.Ra1 Bg5 46.Ra2 f5 47.Rc2 fxg4+ 48.hxg4 Rb7 49.Kg3 Be6 50.Nc7 Bf4+
51.Kf3 Bb3 52.Ne8+ Kh6 53.g5+ Kxg5 54.Rg2+ Kh6 55.Rg1 g5 56.Nxd6 Rc7 57.Nf5+ Kg6
58.Rh1 Rc1 59.Rh6+ Kf7 60.Nd6+ Kg7 61.Nf5+ Kg8 62.Rg6+ Kf7 63.Ra6 Rg1 64.Nd5 g4+
65.Kf2 Ra1 66.Ra7+ Kf8 67.Ra8+ Kf7 68.Ra7+ Kf8 69.Ra8+  1/2-1/2